| 000 -LEADER |
| fixed length control field |
04041cam a2200385 i 4500 |
| 001 - CONTROL NUMBER |
| control field |
20429917 |
| 003 - CONTROL NUMBER IDENTIFIER |
| control field |
NUST |
| 005 - DATE AND TIME OF LATEST TRANSACTION |
| control field |
20221017141018.0 |
| 008 - FIXED-LENGTH DATA ELEMENTS--GENERAL INFORMATION |
| fixed length control field |
180402s2019 flua b 001 0 eng |
| 010 ## - LIBRARY OF CONGRESS CONTROL NUMBER |
| LC control number |
2018015502 |
| 020 ## - INTERNATIONAL STANDARD BOOK NUMBER |
| International Standard Book Number |
9780815369820 (paperback : acidfree paper) |
| 020 ## - INTERNATIONAL STANDARD BOOK NUMBER |
| International Standard Book Number |
9781138320840 (hardback : acidfree paper) |
| 020 ## - INTERNATIONAL STANDARD BOOK NUMBER |
| Canceled/invalid ISBN |
9781351251365 |
| Qualifying information |
ebook |
| 040 ## - CATALOGING SOURCE |
| Original cataloging agency |
DLC |
| Language of cataloging |
eng |
| Transcribing agency |
DLC |
| Description conventions |
rda |
| Modifying agency |
DLC |
| 042 ## - AUTHENTICATION CODE |
| Authentication code |
pcc |
| 050 00 - LIBRARY OF CONGRESS CALL NUMBER |
| Classification number |
T59.5 |
| Item number |
.A76 2019 |
| 082 00 - DEWEY DECIMAL CLASSIFICATION NUMBER |
| Classification number |
006.3, ART |
| Edition number |
23 |
| 245 00 - TITLE STATEMENT |
| Title |
Artificial intelligence safety and security / |
| Statement of responsibility, etc. |
edited by Roman V. Yampolskiy, Computer Engineering and Computer Science, Speed School of Engineering, University of Louisville. |
| 250 ## - EDITION STATEMENT |
| Edition statement |
First edition. |
| 264 #1 - PRODUCTION, PUBLICATION, DISTRIBUTION, MANUFACTURE, AND COPYRIGHT NOTICE |
| Place of production, publication, distribution, manufacture |
Boca Raton : |
| Name of producer, publisher, distributor, manufacturer |
CRC Press/Taylor & Francis Group, |
| Date of production, publication, distribution, manufacture, or copyright notice |
[2019] |
| 300 ## - PHYSICAL DESCRIPTION |
| Extent |
xxix, 443 pages : |
| Other physical details |
illustrations ; |
| Dimensions |
25 cm. |
| 336 ## - CONTENT TYPE |
| Content type term |
text |
| Source |
rdacontent |
| 337 ## - MEDIA TYPE |
| Media type term |
unmediated |
| Source |
rdamedia |
| 338 ## - CARRIER TYPE |
| Carrier type term |
volume |
| Source |
rdacarrier |
| 490 0# - SERIES STATEMENT |
| Series statement |
Chapman & Hall/CRC artificial intelligence and robotics series |
| 505 ## - FORMATTED CONTENTS NOTE |
| Formatted contents note |
Chapter 1: Why the Future Doesn’t Need Us (Page-1), Chapter 2: The Deeply Intertwined Promise and Peril of GNR (Page-21),Chapter 3: The Basic AI Drives (Page-47),Chapter 4: The Ethics of Artificial Intelligence (Page-57),Chapter 5: Friendly Artificial Intelligence: The Physics Challenge (Page-71),Chapter 6: MDL Intelligence Distillation: Exploring Strategies for Safe Access to Superintelligent Problem-Solving Capabilities (Page-75),Chapter 7: The Value Learning Problem (Page-89),Chapter 8: Adversarial Examples in the Physical World (Page-99),Chapter 9: How Might AI Come About?: Different Approaches and Their Implications for Life in the Universe (Page-113),Chapter 10: The MADCOM Future: How Artificial Intelligence Will Enhance Computational Propaganda, Reprogram Human Culture, and Threaten Democracy … and What can be Done About It (Page-127),Chapter 11: Strategic Implications of Openness in AI Development (Page-145),Chapter 12: Using Human History, Psychology, and Biology to Make AI Safe for Humans (Page-167),Chapter 13: AI Safety: A First-Person Perspective (Page-199),Chapter 14: Strategies for an Unfriendly Oracle AI with Reset Button (Page-207),Chapter 15: Goal Changes in Intelligent Agents (Page-217),Chapter 16: Limits to Verification and Validation of Agentic Behavior (Page-225),Chapter 17: Adversarial Machine Learning (Page-235),Chapter 18: Value Alignment via Tractable Preference Distance (Page-249),Chapter 19: A Rationally Addicted Artificial Superintelligence (Page-263),Chapter 20: On the Security of Robotic Applications Using ROS (Page-273),Chapter 21: Social Choice and the Value Alignment Problem (Page-291), Chapter 22: Disjunctive Scenarios of Catastrophic AI Risk (Page-315),Chapter 23: Offensive Realism and the Insecure Structure of the International System: Artificial Intelligence and Global Hegemony (Page-339),Chapter 24: Superintelligence and the Future of Governance: On Prioritizing the Control Problem at the End of History (Page-357),Chapter 25: Military AI as a Convergent Goal of Self-Improving AI (Page-375),Chapter 26: A Value-Sensitive Design Approach to Intelligent Agents (Page-395), Chapter 27: Consequentialism, Deontology, and Artificial Intelligence Safety (Page-411),Chapter 28: Smart Machines ARE a Threat to Humanity (Page-423). |
| 650 #0 - SUBJECT ADDED ENTRY--TOPICAL TERM |
| Topical term or geographic name entry element |
Automation |
| General subdivision |
Safety measures. |
| 9 (RLIN) |
100505 |
| 650 #0 - SUBJECT ADDED ENTRY--TOPICAL TERM |
| Topical term or geographic name entry element |
Automation |
| General subdivision |
Security measures. |
| 9 (RLIN) |
100506 |
| 650 #0 - SUBJECT ADDED ENTRY--TOPICAL TERM |
| Topical term or geographic name entry element |
Artificial intelligence |
| General subdivision |
Safety measures. |
| 9 (RLIN) |
100507 |
| 650 #0 - SUBJECT ADDED ENTRY--TOPICAL TERM |
| Topical term or geographic name entry element |
Artificial intelligence |
| General subdivision |
Moral and ethical aspects. |
| 9 (RLIN) |
100508 |
| 700 1# - ADDED ENTRY--PERSONAL NAME |
| Personal name |
Yampolskiy, Roman V., |
| Relator term |
editor. |
| 9 (RLIN) |
100509 |
| 906 ## - LOCAL DATA ELEMENT F, LDF (RLIN) |
| a |
7 |
| b |
cbc |
| c |
orignew |
| d |
1 |
| e |
ecip |
| f |
20 |
| g |
y-gencatlg |
| 942 ## - ADDED ENTRY ELEMENTS (KOHA) |
| Source of classification or shelving scheme |
|
| Koha item type |
Book |